Normal view MARC view

Entry Términos de género/forma

Number of records used in: 115

001 - NÚMERO DE CONTROL

  • campo de control: 226782

003 - IDENTIFICADOR DE NÚMERO DE CONTROL

  • campo de control: SpMaBN

005 - FECHA Y HORA DE LA ÚLTIMA TRANSACCIÓN

  • campo de control: 20250630060245.0

008 - ELEMENTOS DE DATO DE LONGITUD-FIJA

  • campo de control de longitud fija: 150622 n azznnbabn |a ana

024 7# - IDENTIFICADOR DE OTROS ESTÁNDARES

  • Número estándar o código: http://id.loc.gov/authorities/genreForms/gf2014026370
  • Fuente: lcgft

024 7# - IDENTIFICADOR DE OTROS ESTÁNDARES

  • Número estándar o código: https://data.bnf.fr/ark:/12148/cb119808101
  • Fuente: rameau

040 ## - FUENTE DE CATALOGACIÓN

  • Centro catalogador/agencia de origen: SpMaBN
  • Lengua de catalogación: spa
  • Centro/agencia transcriptor: SpMaBN
  • Normas de descripción: rdc
  • Convención/Normas de encabezamiento de materia/tesauro: tgfbne
  • Centro/agencia modificador: ES-MaACL

155 ## - ENCABEZAMIENTO--TÉRMINO DE GÉNERO/FORMA

  • Término de género/forma: Novelas históricas

455 ## - TRAZADO DE VÉASE--TÉRMINO GÉNERO/FORMA

  • Término de género/forma: Historia novelada

555 ## - TRAZADO DE VÉASE ADEMÁS--TÉRMINO GÉNERO/FORMA

  • Subcampo de control: g
  • Término de género/forma: Novelas

555 ## - TRAZADO DE VÉASE ADEMÁS--TÉRMINO GÉNERO/FORMA

  • Término de género/forma: Novelas de no ficción

670 ## - FUENTE DE DATOS ENCONTRADOS

  • Cita de la fuente: LCGFT;
  • Información encontrada: (Historical fiction)

670 ## - FUENTE DE DATOS ENCONTRADOS

  • Cita de la fuente: WWW RAMEAU, 27-8-2019;
  • Información encontrada: (Roman historique)

670 ## - FUENTE DE DATOS ENCONTRADOS

  • Cita de la fuente: Estébanez Calderón, D. Diccionario de términos literarios, 1999;
  • Información encontrada: (Novela histórica)

670 ## - FUENTE DE DATOS ENCONTRADOS

  • Cita de la fuente: Platas Tasende, A.M. Diccionario de términos literarios, 2005;
  • Información encontrada: (Novela histórica. Género narrativo que une a hechos de importancia histórica la fabulación literaria)

670 ## - FUENTE DE DATOS ENCONTRADOS

  • Cita de la fuente: WWW Embe, 23-6-2023;
  • Información encontrada: (Novelas históricas)

955 ## - CATALOGADOR - EDICIÓN

  • Nombre del catalogador: Julia Mas Vieira